00339nam a22001097a 4500003000400000245003200004260003200036300000800068942001200076952012400088999001700212SGT aJOURNAL OF INDIAN HIGHWAYS  bIndian Roads Congressc2019 a200 2ddccBV 00102ddc40718ENGGaFEbFEcDISPLAYd2025-01-16eAHUJA PUBLISHERh47l0pFEP236r2025-01-16 00:00:00w2025-01-16yBV c29053d29053